000
00287nam a22001217a 4500
020
_a
0-00-692901-X
082
_a
030
_b
JOH/A
100
_a
JOHNSTONE, MICHAEL
245
_a
THE ALTERNATIVE DICTIONARY
260
_a
LONDON
_b
ARMADA
_c
1987
650
_a
DICTIONARY
_z
UNITED KINGDOM
942
_c
BK
999
_c
2115
_d
2115